Online Catalogue and eLibrary

A Pot- Pourri of Debates, Dialogue and Discourse (Record no. 5816)

MARC details
000 -LEADER
fixed length control field 00592nam a2200157Ia 4500
005 - DATE AND TIME OF LATEST TRANSACTION
control field 20240930013833.0
008 - FIXED-LENGTH DATA ELEMENTS--GENERAL INFORMATION
fixed length control field 240331s9999 xx 000 0 und d
020 ## - INTERNATIONAL STANDARD BOOK NUMBER
ISBN 9789559261612
082 ## - DDC Classification
Item Number - Author Mark THI
100 ## - MAIN ENTRY--PERSONAL NAME
Personal name Thiruchandran,S
245 #2 - TITLE STATEMENT
Title A Pot- Pourri of Debates, Dialogue and Discourse
260 ## - PUBLICATION, DISTRIBUTION, ETC.
Place of publication, distribution, etc. colombo
Name of publisher, distributor, etc. Women's Education and research center
Date of publication, distribution, etc. 2013
300 ## - PHYSICAL DESCRIPTION
Extent (e.g. Volumes, Pages etc.) vii, 122 p .,
500 ## - GENERAL NOTE
General note This publication with seven chapters tied together as parts may seem incongruous at some point because of the seemingly diverse subject matters covered at a time in one piece.
942 ## - Koha item type (Biblio)
Koha item type Books in Stacks (Lending)
Holdings
Lost status Damaged status Collection code Home library Current library Shelving location Date acquired Full call number Accession Number Item type
    Lending WERC Library WERC Library Social Science Cupboard 03/31/2024 808.5 THI 6815 Books in Stacks (Lending)

© WERC Library